| 000 | 01258cam a2200277 a 4500 | ||
|---|---|---|---|
| 999 |
_c26247 _d26247 |
||
| 001 | 4034524 | ||
| 005 | 20170203125439.0 | ||
| 008 | 981022r19991914nyua 000 0 eng | ||
| 010 | _a 98031920 | ||
| 020 | _a0393730352 (pbk.) | ||
| 050 | 0 | 0 | _aNA2500 .S4 1999 |
| 100 | 1 |
_aScott, Geoffrey, _d1885-1929. |
|
| 245 | 1 | 4 |
_aThe architecture of humanism : _ba study in the history of taste / _cby Geoffrey Scott ; with a portfolio of photographs ; [with a foreword by Henry Hope Reed and a new introduction by Paul Barolsky]. |
| 260 |
_aNew York : _bW.W. Norton, _cc1999. |
||
| 300 |
_a1 v. (various pagings) : _bill. ; _c21 cm. |
||
| 440 | 4 | _aThe classical America series in art and architecture | |
| 500 | _aOriginally published: 1914. With new introd. | ||
| 650 | 0 | _aArchitecture. | |
| 650 | 0 | _aAesthetics. | |
| 942 |
_2lcc _cBOOKS |
||